| 000 | 07598nkc a22005657a 4500 | ||
|---|---|---|---|
| 001 | 85831 | ||
| 005 | 20260429095029.0 | ||
| 007 | kh bo | ||
| 008 | 260421s19691970sp ||||| |||| |0| i|spa d | ||
| 040 |
_aM-RABA _bspa _cM-RABA |
||
| 245 | 0 | 1 |
_a[Dibujos del escultor Felipe de Castro] _h[Material gráfico] |
| 260 | _c[1969-1970] | ||
| 300 |
_a25 fotografías _b: impresión fotomecánica _c; 22,5 x 16,5 cm |
||
| 500 | 0 | 0 | _aConjunto de 25 fotografías que representan dibujos del escultor Felipe de Castro. Actualmente estos dibujos se encuentran conservados en la colección de la Academia. |
| 500 | 0 | 0 | _aLas fotografías van acompañadas de un sobre manuscrito por Claude Bédat con la siguiente información: "Entregado en Enº 1971. 30 fotografías para el artículo de Claude Bédat con el título siguiente: "29 dibujos del Escultor Felipe de Castro". Devolverlas al Señor Subiras cuando parezca dicho artículo en octubre o noviembre de 1970. El Sr. Subiras ya tiene el texto del artículo; sólo le faltan las fotos que confío a Doña Carmen y Carmina. Claude Bédat". |
| 500 | 0 | 0 | _aDichas fotografías fueron realizadas para el artículo de Claude Bédat titulado: "Veintinueve dibujos del escultor Felipe de Castro (1775)", publicado en el número 31 del Boletín de la Real Academia de Bellas Artes de San Fernando (1970) entre las páginas 33-55. |
| 500 | 0 | 0 | _aFecha tomada del artículo donde aparecieron publicadas. |
| 505 | _aCabeza femenina hacia la izquierda (Fot-731) -- Estudio de Noli me tangere (Fot-732) -- Un obispo huyendo (Fot-733) -- Estudio de figura femenina sentada (Fot-734) -- Numa Pompilio y Roma (Fot-735) -- Estudio de monje sentado escribiendo (Fot-736) -- Estudio de San Onofre orando (Fot-737) -- Estudio de la Magdalena rezando ante el sepulcro de Cristo (Fot-738) -- Estudio de la Ascensión de Jesucristo (Fot-739) -- Estudio de un grupo de ángeles (Fot-740) -- Estudio de una mujer sentada con dos niños (Fot-741) -- Estudio de la Virgen del Carmen (Fot-742) -- Estudio de la degollación de San Pablo (Fot-743) -- Estudio de figura masculina arrodillada sujetando un cirio (Fot-744) -- Estudio de joven sentado apoyado en un bastón con indumentaria exótica (Fot-745) -- Estudio de Venus, Ceres, Baco y Cupido (Fot-746) -- Estudio de un amorcillo sacándole una espina del pie a Venus (Fot-747) -- Estudio de Hermes entregando al pequeño Dionisio a las ninfas de Monte Nisa (Fot-748) -- Estudio de la Virgen con el Niño y San Juan Bautista (Fot-749) -- San Francisco de Borja entrando en la Compañía de Jesús (Fot-750) -- Estudio de escultura de Baco exprimiendo un racimo de uvas en una crátera (Fot-751) -- Estudio de monje postrado sobre un escalón (Fot-752) -- Degollación de San Juan Bautista (Fot-753) -- Estudio de mujer con niños (Fot-754) -- Estudio de obispo rezando (Fot-755). | ||
| 510 | _aBedat, Claude, "Veintinueve dibujos del escultor Felipe de Castro", Revista Academia nº 31 (1970 segundo semestre) pp. 33-53. Disponible online (https://www.realacademiabellasartessanfernando.com/assets/docs/boletines/NUM-031%20%281970%29.pdf) | ||
| 600 | 1 | 7 |
_aCastro, Felipe de ( _d1711-1775) _9379 |
| 610 | 2 | 4 |
_aReal Academia de Bellas Artes de San Fernando. _975832 |
| 655 | 7 |
_aFotografías de obras de arte _975675 |
|
| 852 | _jFot-731; Fot-732; Fot-733; Fot-734; Fot-735; Fot-736; Fot-737; Fot-738; Fot-739; Fot-740; Fot-741; Fot-742; Fot-743; Fot-744; Fot-745; Fot-746; Fot-747; Fot-748; Fot-749; Fot-750; Fot-751; Fot-752; Fot-753; Fot-754; Fot-755 | ||
| 856 |
_uhttps://archivoybiblioteca.realacademiabellasartessanfernando.com/cgi-bin/koha/opac-retrieve-file.pl?id=4656fd32f877518aad29c0bd759c8df3 _yFot-731 |
||
| 856 |
_uhttps://archivoybiblioteca.realacademiabellasartessanfernando.com/cgi-bin/koha/opac-retrieve-file.pl?id=a426a0d07682d9c2b39a30f118d7d732 _yFot-732 |
||
| 856 |
_uhttps://archivoybiblioteca.realacademiabellasartessanfernando.com/cgi-bin/koha/opac-retrieve-file.pl?id=f654fbd4b30ee0d5b6096f372e6af796 _yFot-733 |
||
| 856 |
_uhttps://archivoybiblioteca.realacademiabellasartessanfernando.com/cgi-bin/koha/opac-retrieve-file.pl?id=eed3c2aac9f00c94abf725242d4bf94f _yFot-734 |
||
| 856 |
_uhttps://archivoybiblioteca.realacademiabellasartessanfernando.com/cgi-bin/koha/opac-retrieve-file.pl?id=23d2a72921c671172dcbd7f8f0e6829c _yFot-735 |
||
| 856 |
_uhttps://archivoybiblioteca.realacademiabellasartessanfernando.com/cgi-bin/koha/opac-retrieve-file.pl?id=d7d4a23885c1fae50d44a6e80806f11e _yFot-736 |
||
| 856 |
_uhttps://archivoybiblioteca.realacademiabellasartessanfernando.com/cgi-bin/koha/opac-retrieve-file.pl?id=23146c5040a35c58e81d4e4c866771a2 _yFot-737 |
||
| 856 |
_uhttps://archivoybiblioteca.realacademiabellasartessanfernando.com/cgi-bin/koha/opac-retrieve-file.pl?id=145c55e14db73c06b296e10b92e0b0aa _yFot-738 |
||
| 856 |
_uhttps://archivoybiblioteca.realacademiabellasartessanfernando.com/cgi-bin/koha/opac-retrieve-file.pl?id=cb9aa4745b4ec6f9f04224e8900e12c1 _yFot-739 |
||
| 856 |
_uhttps://archivoybiblioteca.realacademiabellasartessanfernando.com/cgi-bin/koha/opac-retrieve-file.pl?id=a17c86c4a08d6a738e85e0f367de6201 _yFot-740 |
||
| 856 |
_uhttps://archivoybiblioteca.realacademiabellasartessanfernando.com/cgi-bin/koha/opac-retrieve-file.pl?id=25ba3265a651e81f1b54749c2f7f3841 _yFot-741 |
||
| 856 |
_uhttps://archivoybiblioteca.realacademiabellasartessanfernando.com/cgi-bin/koha/opac-retrieve-file.pl?id=0eaf0123dd37b47f8ae712c3d1faff85 _yFot-742 |
||
| 856 |
_uhttps://archivoybiblioteca.realacademiabellasartessanfernando.com/cgi-bin/koha/opac-retrieve-file.pl?id=ff895344a5235d1aa1a560539ae16b76 _yFot-743 |
||
| 856 |
_uhttps://archivoybiblioteca.realacademiabellasartessanfernando.com/cgi-bin/koha/opac-retrieve-file.pl?id=0dcc90ff3daf22b480f9362dbf90c195 _yFot-744 |
||
| 856 |
_uhttps://archivoybiblioteca.realacademiabellasartessanfernando.com/cgi-bin/koha/opac-retrieve-file.pl?id=155afa37bd2550e13e649e635c046586 _yFot-745 |
||
| 856 |
_uhttps://archivoybiblioteca.realacademiabellasartessanfernando.com/cgi-bin/koha/opac-retrieve-file.pl?id=5dac49d073c8d0d8db2e0484938552d5 _yFot-746 |
||
| 856 |
_uhttps://archivoybiblioteca.realacademiabellasartessanfernando.com/cgi-bin/koha/opac-retrieve-file.pl?id=940fc0534506bc8fc7f413af9b33d75a _yFot-747 |
||
| 856 |
_uhttps://archivoybiblioteca.realacademiabellasartessanfernando.com/cgi-bin/koha/opac-retrieve-file.pl?id=1634c7b190cf3842a0aca37c19ac0f03 _yFot-748 |
||
| 856 |
_uhttps://archivoybiblioteca.realacademiabellasartessanfernando.com/cgi-bin/koha/opac-retrieve-file.pl?id=b79a8c4b36d4e8bc12240ee6a432c3d1 _yFot-749 |
||
| 856 |
_uhttps://archivoybiblioteca.realacademiabellasartessanfernando.com/cgi-bin/koha/opac-retrieve-file.pl?id=381df6a3a9734c972662d37978ad7725 _yFot-750 |
||
| 856 |
_uhttps://archivoybiblioteca.realacademiabellasartessanfernando.com/cgi-bin/koha/opac-retrieve-file.pl?id=1f6ac1cec06f0fb11a6ecea002cfbb33 _yFot-751 |
||
| 856 |
_uhttps://archivoybiblioteca.realacademiabellasartessanfernando.com/cgi-bin/koha/opac-retrieve-file.pl?id=6fb3fbbd2316bc9f6f4b3a543305c619 _yFot-752 |
||
| 856 |
_uhttps://archivoybiblioteca.realacademiabellasartessanfernando.com/cgi-bin/koha/opac-retrieve-file.pl?id=a797e3278ed407f4a1a7aa8bd7f50619 _yFot-753 |
||
| 856 |
_uhttps://archivoybiblioteca.realacademiabellasartessanfernando.com/cgi-bin/koha/opac-retrieve-file.pl?id=e1afad22baa7ea3c1ec8bea61887df9a _yFot-754 |
||
| 856 |
_uhttps://archivoybiblioteca.realacademiabellasartessanfernando.com/cgi-bin/koha/opac-retrieve-file.pl?id=32d54a34445f3877683842bb60635594 _yFot-755 |
||
| 942 |
_cFOTOGRAFÍA _n0 |
||
| 999 |
_c85831 _d85831 |
||